<?xml version="1.0" encoding="UTF-8"?><?xml-stylesheet type="text/xsl" href="static/style.xsl"?><OAI-PMH xmlns="http://www.openarchives.org/OAI/2.0/" xmlns:xsi="http://www.w3.org/2001/XMLSchema-instance" xsi:schemaLocation="http://www.openarchives.org/OAI/2.0/ http://www.openarchives.org/OAI/2.0/OAI-PMH.xsd"><responseDate>2026-06-30T00:03:27Z</responseDate><request verb="GetRecord" identifier="oai:repisalud.isciii.es:20.500.12105/9273" metadataPrefix="marc">https://repisalud.isciii.es/rest/oai/request</request><GetRecord><record><header><identifier>oai:repisalud.isciii.es:20.500.12105/9273</identifier><datestamp>2024-09-27T18:35:05Z</datestamp><setSpec>com_20.500.12105_2052</setSpec><setSpec>com_20.500.12105_2051</setSpec><setSpec>col_20.500.12105_19608</setSpec></header><metadata><record xmlns="http://www.loc.gov/MARC21/slim" xmlns:dcterms="http://purl.org/dc/terms/" xmlns:doc="http://www.lyncode.com/xoai" xmlns:xsi="http://www.w3.org/2001/XMLSchema-instance" xsi:schemaLocation="http://www.loc.gov/MARC21/slim http://www.loc.gov/standards/marcxml/schema/MARC21slim.xsd">
   <leader>00925njm 22002777a 4500</leader>
   <datafield ind2=" " ind1=" " tag="042">
      <subfield code="a">dc</subfield>
   </datafield>
   <datafield ind2=" " ind1=" " tag="720">
      <subfield code="a">Pintér, Dávid</subfield>
      <subfield code="e">author</subfield>
   </datafield>
   <datafield ind2=" " ind1=" " tag="720">
      <subfield code="a">Martínez-Martín, Pablo</subfield>
      <subfield code="e">author</subfield>
   </datafield>
   <datafield ind2=" " ind1=" " tag="720">
      <subfield code="a">Janszky, József</subfield>
      <subfield code="e">author</subfield>
   </datafield>
   <datafield ind2=" " ind1=" " tag="720">
      <subfield code="a">Kovács, Norbert</subfield>
      <subfield code="e">author</subfield>
   </datafield>
   <datafield ind2=" " ind1=" " tag="260">
      <subfield code="c">2019</subfield>
   </datafield>
   <datafield ind2=" " ind1=" " tag="520">
      <subfield code="a">Background: The Parkinson's Disease Composite Scale (PDCS) is a recently developed easy-to-use tool enabling a timely but comprehensive assessment of Parkinson's disease (PD)-related symptoms. Although the PDCS has been extensively validated, its responsiveness to acute levodopa challenge has not been demonstrated yet. Objective: To investigate the correlation between changes in the motor examination part of the Movement Disorder Society-sponsored Unified Parkinson's Disease Rating Scale (MDS-UPDRS) and the PDCS motor scores during acute levodopa challenge and calculate a cutoff range on the PDCS indicating clinically relevant improvement. Methods: A consecutive series of 100 patients with parkinsonism were assessed using the motor examination sections of the MDS-UPDRS and the PDCS at least 12 hours after the last levodopa dose and after the administration of a single dose of a suprathreshold immediate formulation of levodopa/benserazide reaching the "best ON." Results. There was a high correlation between changes in the MDS-UPDRS and the PDCS motor scores (Spearman's rho = 0.73, p &lt; 0.001). Receiver operating characteristic analysis revealed that a 14.6%-18.5% improvement in the PDCS motor scores corresponds to a 20-30% improvement in the MDS-UPDRS motor examination. Conclusions: The PDCS can reliably and adequately respond to an acute levodopa challenge. Any improvements in PDCS motor scores exceeding the 14.6-18.5% threshold could represent a clinically relevant response to levodopa.</subfield>
   </datafield>
   <datafield ind1="8" ind2=" " tag="024">
      <subfield code="a">Parkinsons Dis. 2019 Sep 10;2019:1412984.</subfield>
   </datafield>
   <datafield ind1="8" ind2=" " tag="024">
      <subfield code="a">10.1155/2019/1412984</subfield>
   </datafield>
   <datafield ind1="8" ind2=" " tag="024">
      <subfield code="a">2090-8083</subfield>
   </datafield>
   <datafield ind1="8" ind2=" " tag="024">
      <subfield code="a">Parkinson's disease</subfield>
   </datafield>
   <datafield ind1="8" ind2=" " tag="024">
      <subfield code="a">31583072</subfield>
   </datafield>
   <datafield ind1="8" ind2=" " tag="024">
      <subfield code="a">http://hdl.handle.net/20.500.12105/9273</subfield>
   </datafield>
   <datafield ind2="0" ind1="0" tag="245">
      <subfield code="a">The Parkinson's Disease Composite Scale Is Adequately Responsive to Acute Levodopa Challenge</subfield>
   </datafield>
</record></metadata></record></GetRecord></OAI-PMH>